| 000 -LEADER |
| fixed length control field |
00638nam a22001337a 4500 |
| 040 ## - CATALOGING SOURCE |
| Transcribing agency |
RUA |
| 082 ## - DEWEY DECIMAL CLASSIFICATION NUMBER |
| Classification number |
FIS SON 2021 B473 Or. |
| 100 ## - MAIN ENTRY--AUTHOR NAME |
| Personal name |
SON THEARAVY,សុន ធារ៉ាវី |
| 245 ## - TITLE STATEMENT |
| Title |
THE EFFECT OF PELLET FEED ON THE GROWTH OF SPOT PANGASIUS,ការសិក្សាកម្រិតប្រូតេអ៊ីនសមស្របទៅលើការលូតលាស់របស់ត្រីពោក្នុងហាប៉ា |
| 260 ## - PUBLICATION, DISTRIBUTION, ETC. (IMPRINT) |
| Place of publication |
phnom penh |
| Name of publisher |
rua |
| Year of publication |
2021 |
| 300 ## - PHYSICAL DESCRIPTION |
| Number of Pages |
xi.33p. |
| Other physical details |
ill. |
| Dimensions |
29cm. |
| 856 ## - ELECTRONIC LOCATION AND ACCESS |
| Uniform Resource Identifier |
https://drive.google.com/file/d/1bEHQIL3X_FT2_dvab-ZGr-vN-8Vij0Qj/view?usp=sharing |
| 942 ## - ADDED ENTRY ELEMENTS (KOHA) |
| Koha item type |
FIS |
| 952 ## - LOCATION AND ITEM INFORMATION (KOHA) |
| Withdrawn status [LOCAL, KOHA] |
0 |
| 952 ## - LOCATION AND ITEM INFORMATION (KOHA) |
| Withdrawn status [LOCAL, KOHA] |
0 |
| 952 ## - LOCATION AND ITEM INFORMATION (KOHA) |
| Withdrawn status [LOCAL, KOHA] |
0 |
| 952 ## - LOCATION AND ITEM INFORMATION (KOHA) |
| Withdrawn status [LOCAL, KOHA] |
0 |